1897 1102 1352 1945 1559 1193 1220 1985 1962 1102 1972 1267 1959 1071 1136 1871 1123 1971 1668 1327 1429 1179 1929 1320 1258 1357 1516 1030 1753 1448 1054 1922 1292 1653 1809 1187 1501 1886 1530 1320 1629 1018 1302 1620 1151 1945 1386 1384 1760 1638 1017 1805 1192 1949 1898 1511 1946 1672 1579 1302 1359 1937 1113 1424 1358 1441 1888 1895 1937 1802 1110 1360 1843 1303 1323 1152 1853 1429 1409 1840 1915 1143 1527 1883 1880 1298 1998 1046 1691 1262 1957 1697 1502 1777 1979 1679 1898 1697 1860 BCNSPRNW ULIB Ver.6.0+V

เปลี่ยนเป็นภาษาไทย

Change to English
 แสดงรายละเอียดบรรณานุกรม
  กลับหน้าหลัก

Brief Record : Get Marc (ISO 2709) : E-mail record : QR code < ปิดหน้าต่าง
LEADER : 00000nam 2200000uu 4500
001    13399120538
003     ULIB
008    120924s2547||||th 000 0 tha d
020    ^a9749281687
060 04 ^aWB935^bว862ย 2547
100 0  ^aวุฒิ วุฒิธรรมเวช
245 10 ^aย่อเวชกรรมแผนไทย /^cวุฒิ วุฒิธรรมเวช
250    ^aพิมพ์ครั้งที่ 1
260    ^aกรุงเทพฯ :^bศิลป์สยามบรรจุภัณฑ์และการพิมพ์,^c2547
300    ^a264 หน้า :^bภาพประกอบสี ;^c30 ซม.
500    ^aจัดพิมพ์และจัดจำหน่ายโดย คลินิกธรรมเวชแพทย์แผนไทย
504    ^aบรรณานุกรม
650  7 ^aยาแผนโบราณ^xตำรับ
650  7 ^aการแพทย์แผนไทย
650  7 ^aการแพทย์แผนโบราณ
710 2  ^aคลินิกธรรมเวชแพทย์แผนไทย
945    ^p0^l0^i24444
995    ^aกัณชพร
999 ^a ใช้งานได้ทุกระบบ
รายการนี้ยังไม่มีแท็ก
คุณยังไม่ได้ล็อกอิน คุณสามารถมีกิจกรรมร่วมกับเว็บไซต์ได้ แต่ต้องล็อกอินก่อน ::
  ล็อกอิน

รายการสื่อสารสนเทศ

ลำดับที่ ประเภท เลขเรียก/บาร์โค้ด สถานที่ สถานะ
1. วิทยาศาสตร์การแพทย์ และสุขภาพ
วิทยาศาสตร์การแพทย์ และสุขภาพ
WB935 ว862ย 2547  
  Barcode: 24444
ห้องสมุดวิทยาเขตสวรรค์ประชารักษ์
►หนังสือทั่วไป
บนชั้น

รายการใกล้เคียง
    ผู้แต่ง [วุฒิ วุฒิธรรมเวช]

    หัวเรื่อง [การแพทย์แผนไทย]
    หัวเรื่อง [การแพทย์แผนโบราณ]

BibComment


ยังไม่เคยถูกคอมเมนท์

คอมเมนท์ทรัพยากรรายการนี้
  คอมเมนท์: ย่อเวชกรรมแผนไทย..


 Copyright 2026. Bcnsprnw @Library